<?xml version="1.0" encoding="UTF-8"?>
<record
    xmlns:xsi="http://www.w3.org/2001/XMLSchema-instance"
    xsi:schemaLocation="http://www.loc.gov/MARC21/slim http://www.loc.gov/standards/marcxml/schema/MARC21slim.xsd"
    xmlns="http://www.loc.gov/MARC21/slim">

  <leader>01036cam a22003011  4500</leader>
  <controlfield tag="001">26405</controlfield>
  <controlfield tag="003">BD-RjUL</controlfield>
  <controlfield tag="005">20211209051020.0</controlfield>
  <controlfield tag="008">140322s1951    maua     b    001 0 eng</controlfield>
  <datafield tag="035" ind1=" " ind2=" ">
    <subfield code="a">(BD-RjUL)26475</subfield>
  </datafield>
  <datafield tag="035" ind1=" " ind2=" ">
    <subfield code="a">(OCoLC)550596</subfield>
  </datafield>
  <datafield tag="040" ind1=" " ind2=" ">
    <subfield code="a">DLC</subfield>
    <subfield code="c">OClU</subfield>
    <subfield code="d">OCoLC</subfield>
    <subfield code="d">NcRS</subfield>
    <subfield code="d">Uk</subfield>
    <subfield code="d">DLC</subfield>
    <subfield code="d">BD-RjUL</subfield>
    <subfield code="b">eng</subfield>
  </datafield>
  <datafield tag="041" ind1=" " ind2=" ">
    <subfield code="a">eng</subfield>
  </datafield>
  <datafield tag="082" ind1=" " ind2=" ">
    <subfield code="a">947.084</subfield>
    <subfield code="b">INP 1951</subfield>
  </datafield>
  <datafield tag="100" ind1="1" ind2=" ">
    <subfield code="a">Inkeles, Alex,</subfield>
    <subfield code="d">1920-</subfield>
    <subfield code="9">81193</subfield>
  </datafield>
  <datafield tag="245" ind1="1" ind2="0">
    <subfield code="a">Public opinion in Soviet Russia :</subfield>
    <subfield code="b">a study in mass persuasion /</subfield>
    <subfield code="c">Alex Inkeles</subfield>
  </datafield>
  <datafield tag="260" ind1=" " ind2=" ">
    <subfield code="a">Cambridge :</subfield>
    <subfield code="b">Harvard University Press,</subfield>
    <subfield code="c">1951.</subfield>
  </datafield>
  <datafield tag="300" ind1=" " ind2=" ">
    <subfield code="a">xviii, 379 p. :</subfield>
    <subfield code="b">diagrs. ;</subfield>
    <subfield code="c">22 cm.</subfield>
  </datafield>
  <datafield tag="490" ind1="1" ind2=" ">
    <subfield code="a">Russian Research Center studies,</subfield>
    <subfield code="v">1</subfield>
  </datafield>
  <datafield tag="504" ind1=" " ind2=" ">
    <subfield code="a">Includes Bibliography: p.[355]-364 and index.</subfield>
  </datafield>
  <datafield tag="610" ind1="2" ind2="0">
    <subfield code="a">Vsesoi&#xFE20;u&#xFE21;znai&#xFE20;a&#xFE21; kommunisticheskai&#xFE20;a&#xFE21; partii&#xFE20;a&#xFE21; (bol&#x2B9;shevikov)</subfield>
    <subfield code="9">81199</subfield>
  </datafield>
  <datafield tag="650" ind1=" " ind2="0">
    <subfield code="a">Public opinion</subfield>
    <subfield code="z">Soviet Union.</subfield>
    <subfield code="9">81195</subfield>
  </datafield>
  <datafield tag="830" ind1=" " ind2="0">
    <subfield code="v">1.</subfield>
    <subfield code="9">81200</subfield>
  </datafield>
  <datafield tag="830" ind1=" " ind2="0">
    <subfield code="a">Russian Research Center studies ;</subfield>
    <subfield code="9">10027</subfield>
  </datafield>
  <datafield tag="942" ind1=" " ind2=" ">
    <subfield code="2">ddc</subfield>
    <subfield code="c">BK</subfield>
  </datafield>
  <datafield tag="999" ind1=" " ind2=" ">
    <subfield code="c">26405</subfield>
    <subfield code="d">26405</subfield>
  </datafield>
  <datafield tag="952" ind1=" " ind2=" ">
    <subfield code="0">0</subfield>
    <subfield code="1">0</subfield>
    <subfield code="2">ddc</subfield>
    <subfield code="4">0</subfield>
    <subfield code="7">2</subfield>
    <subfield code="8">NFIC</subfield>
    <subfield code="a">RUCL</subfield>
    <subfield code="b">RUCL</subfield>
    <subfield code="c">Reading</subfield>
    <subfield code="d">1955-06-21</subfield>
    <subfield code="e">O.U.P</subfield>
    <subfield code="g">22.80</subfield>
    <subfield code="l">0</subfield>
    <subfield code="o">947.084 INP 1951</subfield>
    <subfield code="r">2014-03-22 00:00:00</subfield>
    <subfield code="t">C-1</subfield>
    <subfield code="w">2014-03-22</subfield>
    <subfield code="y">BK</subfield>
  </datafield>
</record>
